00000000nam 2200000za 4500
0019.846906
003CaOODSP
00520221107153320
007cr |||||||||||
008171109s2017    onc    #o    f000 0 fre d
040 |aCaOODSP|bfre
043 |an-cn---
0861 |aH113-5/2017-26F-PDF|zH113-5/2017-26F
24500|aPlan de travail concernant la réévaluation du flucarbazone |h[ressource électronique].
260 |aOttawa : |bAgence de réglementation de la lutte antiparasitaire, Santé Canada, |c2017.
300 |a3 p.
4901 |aNote de réévaluation, |x1925-0665 ; |vREV2017-26
500 |aTitre pris sur la couv.
500 |a« Le 31 octobre 2017. »
500 |aPubl. aussi en anglais sous le titre : Re-evaluation project plan for flucarbazone.
520 |a« Au Canada, le flucarbazone fait l’objet d’une réévaluation par l’Agence de réglementation de la lutte antiparasitaire (ARLA) de Santé Canada. L’ARLA réévalue les pesticides homologués afin de déterminer si l’utilisation de ces produits continue d’être acceptable sur le plan de la valeur, de la santé humaine et de l’environnement d’après les normes en vigueur. » -- Contexte, p. 1.
69207|2gccst|aPesticide
69207|2gccst|aAccréditation
69207|2gccst|aToxicologie
7101 |aCanada. |bAgence de réglementation de la lutte antiparasitaire.
7101 |aCanada. |bSanté Canada.
77508|tRe-evaluation project plan for flucarbazone |w(CaOODSP)9.846903
830#0|aNote de réévaluation (Canada. Agence de réglementation de la lutte antiparasitaire)|x1925-0665 ; |vREV2017-26.|w(CaOODSP)9.500878
85640|qPDF|s86 Ko|uhttps://publications.gc.ca/collections/collection_2017/sc-hc/H113-5/H113-5-2017-26-fra.pdf